|
|
|
|
| LEADER |
00801naa a2200193 i 4500 |
| 001 |
acta58730 |
| 005 |
20260224081030.0 |
| 008 |
190619s2009 hu o 100 hun d |
| 020 |
|
|
|a 978-963-482-982-9
|
| 040 |
|
|
|a SZTE Egyetemi Kiadványok Repozitórium
|b hun
|
| 041 |
|
|
|a hun
|
| 100 |
1 |
|
|a Pápay Kinga
|
| 245 |
1 |
2 |
|a A spontán beszéd prozódiai frázisszerkezetének modellezése és felhasználása a beszédfelismerésben
|h [elektronikus dokumentum] /
|c Pápay Kinga
|
| 260 |
|
|
|c 2009
|
| 300 |
|
|
|a 373-375
|
| 490 |
0 |
|
|a Magyar Számítógépes Nyelvészeti Konferencia
|v 6
|
| 695 |
|
|
|a Nyelvészet - számítógép alkalmazása
|
| 710 |
|
|
|a Magyar Számítógépes Nyelvészeti Konferencia (6.) (2009) (Szeged)
|
| 856 |
4 |
0 |
|u http://acta.bibl.u-szeged.hu/58730/1/msznykonf_006_373-375.pdf
|z Dokumentum-elérés
|